[Event "SR 2. liga A 2009/2010"]
[Site "?"]
[Date "2010.02.06"]
[Round "8.5"]
[White "Skara, Vladimir"]
[Black "Hecko, Dusan"]
[Result "1-0"]
[WhiteElo "2126"]
[BlackElo "2115"]
[Annotator "Fritz 12 (20s)"]
[PlyCount "78"]
[EventDate "2009.??.??"]
[WhiteTeam "Slovakia"]
[BlackTeam "II"]
[WhiteTeamCountry "SVK"]
[BlackTeamCountry "SVK"]

{B18: Classical Caro-Kann: 4...Bf5 sidelines} 1. e4 c6 2. d4 d5 3. Nc3 dxe4 4.
Nxe4 Bf5 5. Ng3 Bg6 6. h4 h6 7. h5 Bh7 8. c3 ({Kniz. Fritz} 8. Nf3) 8... e6 {
Covers f5} 9. Bd3 Bxd3 10. Qxd3 Nf6 11. Nf3 Bd6 12. Ne2 Nbd7 13. Bf4 Bxf4 14.
Nxf4 Nd5 15. Nxd5 cxd5 16. O-O-O Qc7 17. Kb1 O-O-O (17... a5 18. g4 $11) 18.
Rc1 Kb8 19. c4 (19. Rh4 Rhe8 $14) 19... dxc4 $11 20. Rxc4 Qd6 21. Rhc1 Rc8 22.
Nd2 (22. Qh7 Qf4 (22... Rxh7 $4 23. Rxc8#) 23. Rxc8+ Rxc8 24. Rxc8+ Kxc8 25.
Qg8+ Kc7 26. Qxg7 Qf5+ 27. Kc1 Qxh5 28. Qg3+ Kd8 $11) 22... Nb6 (22... Ne5 $5
23. Rxc8+ Rxc8 $11) 23. Ne4 $14 Qd5 24. Rc5 Rxc5 25. Rxc5 Qd7 26. Qg3+ Ka8 27.
Qxg7 Rd8 28. Qxh6 (28. Nc3 Qxd4 29. Qxd4 Rxd4 $11) 28... Qxd4 $11 29. Qe3 Qd1+
30. Rc1 Qxh5 31. Qg5 Qxg5 32. Nxg5 Rd2 33. Rc7 Rxf2 34. Rxf7 Rxf7 35. Nxf7 Kb8
36. Ng5 e5 37. Kc2 Kc7 38. Kd3 Kd6 39. Ke4 Na4 $11 {time} 1-0

[Event "SR 2. liga A 2009/2010"]
[Site "?"]
[Date "2010.02.06"]
[Round "8.6"]
[White "Barca, Michal"]
[Black "Szollos, Ondrej"]
[Result "0-1"]
[WhiteElo "1809"]
[BlackElo "2088"]
[PlyCount "76"]
[EventDate "2009.??.??"]
[WhiteTeam "Slovakia"]
[BlackTeam "II"]
[WhiteTeamCountry "SVK"]
[BlackTeamCountry "SVK"]

1. c4 d6 2. Nc3 c6 3. Nf3 e5 4. g3 Bg4 5. Bg2 Nf6 6. d3 h6 7. O-O Be7 8. b4 Qc7
9. Rb1 Nbd7 10. a4 Be6 11. b5 d5 12. Nd2 Qa5 13. Bb2 Bb4 14. Nb3 Qc7 15. Na2
Bd6 16. Rc1 c5 17. a5 Rb8 18. cxd5 Bxd5 19. e4 Be6 20. d4 b6 21. d5 Bg4 22. Qd2
bxa5 23. Nc3 c4 24. Na1 Bb4 25. Rb1 Qd6 26. Qc1 O-O 27. Nc2 Nc5 28. Ne3 Nd3 29.
Qc2 Nxb2 30. Rxb2 Rfc8 31. Nxg4 Nxg4 32. Qc1 Rc7 33. Kh1 Qc5 34. Rb1 Bxc3 35.
Qxc3 Nxf2+ 36. Rxf2 Qxf2 37. Qxe5 Qc5 38. Bh3 Rd8 0-1

[Event "SR 2. liga A 2009/2010"]
[Site "?"]
[Date "2010.02.06"]
[Round "8.6"]
[White "Beles, Milan"]
[Black "Krajnak, Robert"]
[Result "1/2-1/2"]
[WhiteElo "2074"]
[BlackElo "2096"]
[PlyCount "138"]
[EventDate "2009.??.??"]
[WhiteTeam "Slovakia"]
[BlackTeam "II"]
[WhiteTeamCountry "SVK"]
[BlackTeamCountry "SVK"]

1. e4 c5 2. g3 Nc6 3. Bg2 e6 4. Ne2 Nge7 5. O-O d5 6. exd5 Nxd5 7. d4 Qb6 8. c4
Nf6 9. d5 Nd4 10. Re1 Be7 11. Nxd4 cxd4 12. Nd2 O-O 13. Nb3 Bb4 14. Rf1 e5 15.
Bg5 Bf5 16. Rc1 Ne4 17. Bd2 Bxd2 18. Nxd2 Nc5 19. Nb3 Nd3 20. c5 Qg6 21. Rc2
Nf4 22. Rd2 Nxg2 23. Kxg2 Be4+ 24. f3 Bxd5 25. Re1 f6 26. Nc1 Rfc8 27. Nd3 b6
28. cxb6 axb6 29. a3 Qf7 30. Nf2 Rc7 31. Rc2 Rac8 32. Rxc7 Qxc7 33. Re2 Qc6 34.
Rd2 h5 35. Qe2 g5 36. h3 Kg7 37. Qd3 Qc1 38. Qe2 Qc4 39. Qxc4 Rxc4 40. Re2 Kf7
41. g4 h4 42. Nd3 Ke6 43. Kf2 Kd6 44. Nb4 Rc1 45. Rd2 Bb3 46. Rd3 Bc4 47. Rd2
Kc5 48. b3 Bf1 49. Na2 Ra1 50. Rc2+ Kd6 51. Nb4 Bxh3 52. Rc6+ Kd7 53. Rxb6 Rxa3
54. Nd5 f5 55. Nf6+ Ke7 56. Nd5+ Kf7 57. Rf6+ Kg7 58. Rxf5 Rxb3 59. Rxg5+ Kf7
60. Rxe5 Rb2+ 61. Re2 Rb1 62. Re1 Rb2+ 63. Re2 Rb1 64. Re7+ Kf8 65. Rh7 Rf1+
66. Ke2 d3+ 67. Ke3 d2 68. Kxd2 Rxf3 69. Rxh4 Rg3 1/2-1/2

[Event "SR 2. liga A 2009/2010"]
[Site "?"]
[Date "2010.02.06"]
[Round "8.6"]
[White "Diviak, Rastislav"]
[Black "Sustak, Roman"]
[Result "1-0"]
[WhiteElo "2043"]
[BlackElo "1923"]
[PlyCount "105"]
[EventDate "2009.??.??"]
[WhiteTeam "Slovakia"]
[BlackTeam "II"]
[WhiteTeamCountry "SVK"]
[BlackTeamCountry "SVK"]

1. e4 e6 2. d4 d5 3. Nd2 Nf6 4. e5 Nfd7 5. Bd3 c5 6. c3 Nc6 7. Ne2 Be7 8. O-O
cxd4 9. cxd4 O-O 10. Nf3 f5 11. exf6 Nxf6 12. Bg5 h6 13. Bh4 Bd7 14. a3 Qb6 15.
b4 a6 16. Rc1 Rac8 17. Bb1 Na7 18. Ne5 Bb5 19. Re1 g5 20. Ng6 Rf7 21. Bg3 Bd6
22. Bxd6 Qxd6 23. Ng3 Rxc1 24. Qxc1 Nc6 25. Ne5 Nxd4 26. Nxf7 Kxf7 27. Qe3 Qf4
28. Bd3 Ng4 29. Qxf4+ gxf4 30. Ne2 Nxe2+ 31. Bxe2 Bxe2 32. Rxe2 Kf6 33. Rc2 Ne5
34. Rc7 Nc4 35. a4 b6 36. Kf1 Ke5 37. Ke2 Kd4 38. Rh7 Kc3 39. Rxh6 d4 40. Rh3+
Kxb4 41. Rd3 Kc5 42. h4 e5 43. h5 e4 44. Rb3 d3+ 45. Kd1 e3 46. fxe3 Nxe3+ 47.
Kd2 Nf5 48. Kxd3 b5 49. axb5 axb5 50. Rb1 b4 51. Rf1 Ng3 52. Rxf4 Kd6 53. h6
1-0

[Event "SR 2. liga A 2009/2010"]
[Site "?"]
[Date "2010.02.06"]
[Round "8.6"]
[White "Lauf, Pavol"]
[Black "Mihalik, Anton"]
[Result "1-0"]
[WhiteElo "2140"]
[BlackElo "1961"]
[PlyCount "81"]
[EventDate "2009.??.??"]
[WhiteTeam "Slovakia"]
[BlackTeam "II"]
[WhiteTeamCountry "SVK"]
[BlackTeamCountry "SVK"]

1. c4 e6 2. Nc3 d5 3. e3 Nf6 4. Nf3 Be7 5. Be2 O-O 6. O-O Nbd7 7. b3 b6 8. cxd5
exd5 9. Bb2 Bb7 10. Rc1 Rc8 11. Nd4 c6 12. Nf5 Re8 13. Nxe7+ Qxe7 14. d4 Nf8
15. Bd3 Ng6 16. Ne2 Rc7 17. Ng3 Ne4 18. Bxe4 dxe4 19. Qg4 Bc8 20. Qh5 Qh4 21.
Qxh4 Nxh4 22. Rfd1 Nf5 23. Nh5 f6 24. d5 Bb7 25. g4 Nh4 26. dxc6 Rxc6 27. Rd7
Rxc1+ 28. Bxc1 Bc8 29. Rxg7+ Kh8 30. Rxh7+ Kxh7 31. Nxf6+ Kg6 32. Nxe8 Bxg4 33.
Nd6 Nf3+ 34. Kg2 Ng5 35. Kg3 Bf5 36. Bb2 a6 37. Bd4 b5 38. Kf4 Nh3+ 39. Ke5
Nxf2 40. Nxf5 Nd3+ 41. Kxe4 1-0

[Event "SR 2. liga A 2009/2010"]
[Site "?"]
[Date "2010.02.06"]
[Round "8.6"]
[White "Mikulas, Dusan"]
[Black "Krist, Milan"]
[Result "1-0"]
[WhiteElo "2210"]
[BlackElo "2013"]
[PlyCount "58"]
[EventDate "2009.??.??"]
[WhiteTeam "Slovakia"]
[BlackTeam "II"]
[WhiteTeamCountry "SVK"]
[BlackTeamCountry "SVK"]

1. e4 c5 2. Nf3 e6 3. d4 cxd4 4. Nxd4 Nf6 5. Nc3 Bb4 6. Bd3 e5 7. Nf5 O-O 8.
Qf3 d5 9. O-O Bxc3 10. bxc3 dxe4 11. Bxe4 Nxe4 12. Qxe4 Bxf5 13. Qxf5 Nc6 14.
Ba3 Qc8 15. Qe4 Rd8 16. Rfd1 Qe6 17. Rd3 f5 18. Qe2 e4 19. Bb2 Ne5 20. Rd4 Nc6
21. Rd3 Qf7 22. Rg3 Rd7 23. c4 Nd4 24. Bxd4 Rxd4 25. Rc3 Rad8 26. Kf1 Rd2 27.
Qe3 Qh5 28. f3 Qxh2 29. Qg1 Rd1+ 1-0

[Event "SR 2. liga A 2009/2010"]
[Site "?"]
[Date "2010.02.06"]
[Round "8.6"]
[White "Zarecky, Eduard"]
[Black "Merva, Frantisek"]
[Result "1/2-1/2"]
[WhiteElo "1947"]
[BlackElo "2053"]
[PlyCount "92"]
[EventDate "2009.??.??"]
[WhiteTeam "Slovakia"]
[BlackTeam "II"]
[WhiteTeamCountry "SVK"]
[BlackTeamCountry "SVK"]

1. d4 Nf6 2. c4 e6 3. Nc3 Bb4 4. Bd2 b6 5. a3 Bxc3 6. Bxc3 Ne4 7. Qc2 Bb7 8.
Nf3 O-O 9. g3 d6 10. Rd1 Nd7 11. Bg2 f5 12. O-O Qe7 13. b4 Nxc3 14. Qxc3 Rf6
15. d5 e5 16. Qc2 h6 17. e4 f4 18. Nh4 Raf8 19. Bh3 g6 20. f3 Bc8 21. Qf2 Kh7
22. Be6 Ba6 23. b5 Bc8 24. Bxd7 Bxd7 25. g4 a6 26. a4 Ra8 27. Ra1 Rff8 28. Ng2
Rfb8 29. Rfe1 Rb7 30. Ra2 Rba7 31. Rea1 h5 32. h3 hxg4 33. hxg4 Qg5 34. Ne1 Kg7
35. Nd3 Rh8 36. Qg2 Raa8 37. Nf2 a5 38. Kf1 Rh4 39. Ke2 Rah8 40. Rh1 Rxh1 41.
Nxh1 Qh4 42. Ra1 Qh2 43. Qxh2 Rxh2+ 44. Nf2 Kf6 45. Rh1 Rxh1 46. Nxh1 Kg5
1/2-1/2

[Event "SR 2. liga A 2009/2010"]
[Site "?"]
[Date "2010.02.06"]
[Round "8.7"]
[White "Bincik, Pavol"]
[Black "Gettler, Daniel"]
[Result "1-0"]
[WhiteElo "1904"]
[BlackElo "1950"]
[PlyCount "37"]
[EventDate "2009.??.??"]
[WhiteTeam "Slovakia"]
[BlackTeam "II"]
[WhiteTeamCountry "SVK"]
[BlackTeamCountry "SVK"]

1. d4 f5 2. c4 Nf6 3. Bg5 g6 4. Nc3 Bg7 5. g3 c6 6. Bg2 h6 7. Be3 d6 8. Nf3 O-O
9. h4 Qe8 10. d5 Qf7 11. Nd4 Ng4 12. Qd2 Nxe3 13. Qxe3 Bd7 14. f4 Kh8 15. h5
Qf6 16. O-O-O g5 17. fxg5 hxg5 18. h6 e5 19. dxe6 1-0

[Event "SR 2. liga A 2009/2010"]
[Site "?"]
[Date "2010.02.06"]
[Round "8.7"]
[White "Halas, Miroslav"]
[Black "Kolman, Richard"]
[Result "0-1"]
[WhiteElo "1939"]
[BlackElo "2105"]
[PlyCount "33"]
[EventDate "2009.??.??"]
[WhiteTeam "Slovakia"]
[BlackTeam "II"]
[WhiteTeamCountry "SVK"]
[BlackTeamCountry "SVK"]

1. e4 e6 2. d4 d5 3. e5 c5 4. c3 Nc6 5. Ne2 Nge7 6. g3 cxd4 7. cxd4 Nf5 8. Bh3
Bb4+ 9. Nbc3 Nfe7 10. O-O O-O 11. a3 Bxc3 12. bxc3 Bd7 13. Rb1 b6 14. Kh1 Rc8
15. f4 Na5 16. g4 Bb5 17. Rxb5 0-1

[Event "SR 2. liga A 2009/2010"]
[Site "?"]
[Date "2010.02.06"]
[Round "8.7"]
[White "Horvath, Marek"]
[Black "Cajka, Tibor"]
[Result "0-1"]
[WhiteElo "1801"]
[BlackElo "1932"]
[PlyCount "118"]
[EventDate "2009.??.??"]
[WhiteTeam "Slovakia"]
[BlackTeam "II"]
[WhiteTeamCountry "SVK"]
[BlackTeamCountry "SVK"]

1. e4 c5 2. g3 g6 3. Bg2 Bg7 4. Ne2 Nc6 5. c4 e6 6. Nbc3 Nge7 7. O-O O-O 8. d3
Nd4 9. Nxd4 Bxd4 10. Be3 Nc6 11. Bxd4 Nxd4 12. f4 d6 13. Ne2 Qf6 14. Nxd4 Qxd4+
15. Rf2 e5 16. Qc2 exf4 17. gxf4 Rb8 18. Raf1 f5 19. Kh1 Bd7 20. b3 Bc6 21. a3
Rbe8 22. Rd1 Rf6 23. b4 fxe4 24. dxe4 Qxe4 25. Qc3 Qf5 26. Bxc6 bxc6 27. Re1
Rfe6 28. Rxe6 Rxe6 29. b5 cxb5 30. cxb5 Qb1+ 31. Kg2 Qxb5 32. Kg3 c4 33. Rb2
Qd5 34. a4 Qe4 35. Qa5 Qe1+ 36. Qxe1 Rxe1 37. Kf2 Re4 38. Kf3 d5 39. Rd2 c3 40.
Rxd5 Rc4 41. Rd1 c2 42. Rc1 Kf7 43. Ke3 Kf6 44. a5 Kf5 45. Kd3 Rc7 46. Rxc2
Rxc2 47. Kxc2 Kxf4 48. Kd3 Ke5 49. Ke3 Kd5 50. Kf4 h6 51. a6 Kd4 52. h4 Kd5 53.
h5 gxh5 54. Kg3 Kc6 55. Kh4 Kb5 56. Kxh5 Kxa6 57. Kxh6 Kb5 58. Kg5 Kc4 59. Kf4
Kc3 0-1

[Event "SR 2. liga A 2009/2010"]
[Site "?"]
[Date "2010.02.06"]
[Round "8.7"]
[White "Jelenciak, Jozef"]
[Black "Srna, Jan"]
[Result "1/2-1/2"]
[WhiteElo "2013"]
[BlackElo "2008"]
[PlyCount "55"]
[EventDate "2009.??.??"]
[WhiteTeam "Slovakia"]
[BlackTeam "II"]
[WhiteTeamCountry "SVK"]
[BlackTeamCountry "SVK"]

1. e4 e6 2. d4 d5 3. Nd2 Nf6 4. exd5 Qxd5 5. Ngf3 a6 6. Nb3 h6 7. Be2 Nc6 8.
Bf4 Qd8 9. O-O Bd6 10. Qc1 Bxf4 11. Qxf4 O-O 12. Rfe1 Ne7 13. Rad1 Ng6 14. Qc1
c6 15. Ne5 Ne7 16. g4 Nh7 17. Nc5 b6 18. Ne4 Bb7 19. Bd3 Nd5 20. c4 Ne7 21. Re3
f5 22. Nc3 Rf6 23. Qc2 Nf8 24. Rg3 Qc7 25. gxf5 Nxf5 26. Bxf5 exf5 27. f4 Rd8
28. c5 1/2-1/2

[Event "SR 2. liga A 2009/2010"]
[Site "?"]
[Date "2010.02.06"]
[Round "8.7"]
[White "Ochrana, Ladislav"]
[Black "Jancicka, Viliam"]
[Result "0-1"]
[WhiteElo "2074"]
[BlackElo "1675"]
[PlyCount "46"]
[EventDate "2009.??.??"]
[WhiteTeam "Slovakia"]
[BlackTeam "II"]
[WhiteTeamCountry "SVK"]
[BlackTeamCountry "SVK"]

1. d4 Nf6 2. Bf4 d5 3. Nf3 Bg4 4. Ne5 e6 5. h4 Bh5 6. f3 h6 7. g4 Bg6 8. Nxg6
fxg6 9. Qd3 Kf7 10. h5 g5 11. Be5 Bd6 12. Qg6+ Kg8 13. f4 Qe7 14. fxg5 Ne4 15.
Bg2 Nxg5 16. c4 Bxe5 17. dxe5 c6 18. Nd2 Nd7 19. cxd5 cxd5 20. O-O-O Rc8+ 21.
Nc4 Rxc4+ 22. Kd2 Nxe5 23. Qb1 Qb4+ 0-1

[Event "SR 2. liga A 2009/2010"]
[Site "?"]
[Date "2010.02.06"]
[Round "8.7"]
[White "Ujhelyi, Matus"]
[Black "Gajarsky, Julius"]
[Result "1-0"]
[WhiteElo "1983"]
[BlackElo "1802"]
[PlyCount "131"]
[EventDate "2009.??.??"]
[WhiteTeam "Slovakia"]
[BlackTeam "II"]
[WhiteTeamCountry "SVK"]
[BlackTeamCountry "SVK"]

1. e4 c5 2. Nf3 d6 3. d4 cxd4 4. Nxd4 Nf6 5. Nc3 a6 6. Be2 e6 7. O-O Be7 8. Kh1
O-O 9. Be3 b5 10. f4 Bb7 11. e5 dxe5 12. fxe5 Nfd7 13. Bf3 Qc7 14. Bxb7 Qxb7
15. Qf3 Qxf3 16. Nxf3 Nc6 17. Bf4 Rac8 18. Ne4 Nb4 19. c3 Nd3 20. Rad1 Nxf4 21.
Rxd7 Ng6 22. Ra7 Ra8 23. Rd7 Rfd8 24. Rfd1 Rxd7 25. Rxd7 Rd8 26. Rxd8+ Bxd8 27.
Nc5 a5 28. Kg1 b4 29. cxb4 axb4 30. Nd3 Be7 31. Kf2 f6 32. exf6 gxf6 33. Nd4 e5
34. Nc6 Bd6 35. g3 e4 36. Ndxb4 Bc5+ 37. Kg2 Kf7 38. Nc2 Ke6 39. b4 Bb6 40. a4
Kd5 41. b5 Ne5 42. a5 Nxc6 43. axb6 Na5 44. Kf2 Kc5 45. Ke3 f5 46. Kf4 Kxb6 47.
Kxf5 Nc4 48. Kxe4 Kxb5 49. Nd4+ Kc5 50. Ne6+ Kd6 51. Ng5 Nd2+ 52. Kf4 Nf1 53.
h4 h5 54. Ne4+ Ke6 55. Kf3 Nh2+ 56. Ke3 Ng4+ 57. Kf4 Kd5 58. Nc3+ Kd4 59. Nb5+
Kd5 60. Nc7+ Kd6 61. Ne8+ Ke7 62. Ng7 Nf6 63. Kf5 Kf7 64. Ne6 Nh7 65. Ng5+ Kg7
66. Nxh7 1-0

[Event "SR 2. liga A 2009/2010"]
[Site "?"]
[Date "2010.02.06"]
[Round "8.8"]
[White "Hefka, Vladimir"]
[Black "Steinecker, Frantisek"]
[Result "1-0"]
[WhiteElo "1973"]
[BlackElo "1712"]
[PlyCount "49"]
[EventDate "2009.??.??"]
[WhiteTeam "Slovakia"]
[BlackTeam "II"]
[WhiteTeamCountry "SVK"]
[BlackTeamCountry "SVK"]

1. d4 Nf6 2. c4 e6 3. Nc3 Bb4 4. a3 Bxc3+ 5. bxc3 b6 6. f3 Bb7 7. Nh3 h6 8. Nf2
O-O 9. e4 d6 10. Bd3 Nbd7 11. O-O e5 12. Be3 Qe7 13. Nh1 g5 14. Ng3 c5 15. Nf5
Qd8 16. Nxh6+ Kh7 17. Bxg5 Rg8 18. Nxg8 Qxg8 19. f4 Qg6 20. Bxf6 Nxf6 21. Rf3
Nh5 22. Rh3 Kh6 23. Be2 Qxe4 24. Rxh5+ Kg6 25. Bd3 1-0

[Event "SR 2. liga A 2009/2010"]
[Site "?"]
[Date "2010.02.06"]
[Round "8.8"]
[White "Kavon, Rastislav"]
[Black "Takacs, Laszlo"]
[Result "0-1"]
[WhiteElo "1503"]
[BlackElo "1838"]
[PlyCount "70"]
[EventDate "2009.??.??"]
[WhiteTeam "Slovakia"]
[BlackTeam "II"]
[WhiteTeamCountry "SVK"]
[BlackTeamCountry "SVK"]

1. e4 c5 2. Nf3 e6 3. d4 cxd4 4. Nxd4 Nf6 5. Nc3 Nc6 6. Ndb5 Bb4 7. f3 O-O 8.
Qd3 a6 9. Nd4 Ne5 10. Qe3 Bc5 11. Qd2 Nh5 12. Nb3 Qh4+ 13. Ke2 Bb6 14. Qe1 Qe7
15. Be3 Bxe3 16. Kxe3 Qg5+ 17. Kf2 Qf4 18. Qd2 Qh4+ 19. Kg1 Nf4 20. Qf2 Qg5 21.
Qg3 Qf6 22. Rd1 h5 23. Ne2 Nfg6 24. Ned4 h4 25. Qf2 b6 26. c3 Bb7 27. Nd2 Rac8
28. g3 d5 29. f4 dxe4 30. Qe3 Ng4 31. Qe2 e3 32. Qxg4 Bxh1 33. Kxh1 exd2 34.
Rxd2 e5 35. fxe5 Qxf1# 0-1

[Event "SR 2. liga A 2009/2010"]
[Site "?"]
[Date "2010.02.06"]
[Round "8.8"]
[White "Majtan, Martin"]
[Black "Hurban, Martin"]
[Result "0-1"]
[WhiteElo "1546"]
[BlackElo "1958"]
[PlyCount "84"]
[EventDate "2009.??.??"]
[WhiteTeam "Slovakia"]
[BlackTeam "II"]
[WhiteTeamCountry "SVK"]
[BlackTeamCountry "SVK"]

1. e4 e6 2. d4 d5 3. e5 c5 4. c3 Qb6 5. Nf3 Bd7 6. Be2 Bb5 7. Qb3 Bxe2 8. Qxb6
axb6 9. Kxe2 Nc6 10. Na3 c4 11. Nc2 b5 12. Bd2 Nge7 13. Rhb1 f6 14. b3 Ra7 15.
bxc4 bxc4 16. Rb2 Kd7 17. Rab1 Kc8 18. Be3 Ng6 19. Kd2 Be7 20. h4 h5 21. g3 Kc7
22. Rb5 Rb8 23. R5b2 b6 24. Kd1 Ra6 25. exf6 gxf6 26. Kd2 Bd6 27. Rd1 Rba8 28.
Ra1 Ra5 29. Bh6 e5 30. dxe5 fxe5 31. Ng5 d4 32. cxd4 exd4 33. Ne6+ Kb7 34.
Nexd4 Nxd4 35. Nxd4 Ra3 36. Ke1 Ne5 37. Rc2 Bb4+ 38. Bd2 Nd3+ 39. Kf1 c3 40.
Be3 R8a5 41. Nb3 Rxb3 42. Rd1 Rb2 0-1

[Event "SR 2. liga A 2009/2010"]
[Site "?"]
[Date "2010.02.06"]
[Round "8.8"]
[White "Padysak, Tomas"]
[Black "Gono, Michal"]
[Result "1-0"]
[WhiteElo "2022"]
[BlackElo "1852"]
[PlyCount "93"]
[EventDate "2009.??.??"]
[WhiteTeam "Slovakia"]
[BlackTeam "II"]
[WhiteTeamCountry "SVK"]
[BlackTeamCountry "SVK"]

1. e4 c6 2. d4 d5 3. Nc3 dxe4 4. Nxe4 Bf5 5. Ng3 Bg6 6. Nf3 Nd7 7. h4 h6 8. h5
Bh7 9. Bd3 Bxd3 10. Qxd3 e6 11. Bf4 Ngf6 12. O-O-O Nd5 13. Bd2 Qc7 14. c4 N5f6
15. Qe2 O-O-O 16. Bc3 Bd6 17. Ne5 Bxe5 18. dxe5 Nh7 19. Ne4 Nb6 20. Nd6+ Kb8
21. Ba5 c5 22. Qe3 Qc6 23. Bxb6 axb6 24. Nxf7 Rxd1+ 25. Rxd1 Rf8 26. Nd8 Qxg2
27. Nxe6 Rf3 28. Qe1 Rxf2 29. Qc3 Rf1 30. Qd3 Rxd1+ 31. Qxd1 Qe4 32. Qd5 Qe3+
33. Kc2 Qe2+ 34. Kb3 Qxh5 35. Qd8+ Ka7 36. Nc7 Qf3+ 37. Ka4 Qf8 38. Qxf8 Nxf8
39. e6 Nxe6 40. Nxe6 g6 41. Kb5 g5 42. Ng7 Kb8 43. Kxb6 Kc8 44. a4 g4 45. Nh5
Kb8 46. Kxc5 Kc7 47. a5 1-0

[Event "SR 2. liga A 2009/2010"]
[Site "?"]
[Date "2010.02.06"]
[Round "8.8"]
[White "Pekar, Jozef"]
[Black "Goga, Frantisek"]
[Result "1/2-1/2"]
[WhiteElo "1960"]
[BlackElo "1984"]
[PlyCount "67"]
[EventDate "2009.??.??"]
[WhiteTeam "Slovakia"]
[BlackTeam "II"]
[WhiteTeamCountry "SVK"]
[BlackTeamCountry "SVK"]

1. e4 c5 2. Nc3 Nc6 3. g3 g6 4. Bg2 Bg7 5. Nge2 e6 6. O-O Nge7 7. d3 O-O 8. Bg5
a6 9. Qd2 Rb8 10. Bh6 b5 11. h4 d5 12. exd5 exd5 13. Bxg7 Kxg7 14. h5 b4 15.
Na4 Qd6 16. d4 c4 17. c3 h6 18. hxg6 fxg6 19. Nc5 a5 20. b3 Bg4 21. Rae1 Nd8
22. Qe3 Rf6 23. Nf4 Nf5 24. Qe5 Nf7 25. Qxd6 Rxd6 26. Kh2 bxc3 27. Nfe6+ Kf6
28. f3 Nxg3 29. fxg4+ Nxf1+ 30. Rxf1+ Ke7 31. Re1 Kf6 32. Rf1+ Ke7 33. Re1 Kf6
34. Rf1+ 1/2-1/2

[Event "SR 2. liga A 2009/2010"]
[Site "?"]
[Date "2010.02.06"]
[Round "8.8"]
[White "Pericka, Tomas"]
[Black "Hlubovic, Michal"]
[Result "1-0"]
[WhiteElo "1910"]
[BlackElo "1634"]
[PlyCount "20"]
[EventDate "2009.??.??"]
[WhiteTeam "Slovakia"]
[BlackTeam "II"]
[WhiteTeamCountry "SVK"]
[BlackTeamCountry "SVK"]

1. e4 c5 2. Nf3 Nc6 3. d4 cxd4 4. Nxd4 e6 5. Nc3 Nf6 6. Nxc6 bxc6 7. e5 Ng8 8.
Bd3 Bb4 9. Bd2 Qh4 10. Ne4 f5 {mobil} 1-0

[Event "SR 2. liga A 2009/2010"]
[Site "?"]
[Date "2010.02.07"]
[Round "9.1"]
[White "Kovac, Andrej"]
[Black "Arendas, Marek"]
[Result "1/2-1/2"]
[WhiteElo "2109"]
[BlackElo "2077"]
[PlyCount "160"]
[EventDate "2009.??.??"]
[WhiteTeam "Slovakia"]
[BlackTeam "II"]
[WhiteTeamCountry "SVK"]
[BlackTeamCountry "SVK"]

1. d4 d5 2. c4 c6 3. e3 Nf6 4. Nc3 a6 5. Nf3 Bf5 6. Be2 e6 7. O-O dxc4 8. Ne5
Be7 9. Bf3 O-O 10. Nxc4 Qc7 11. Re1 Nbd7 12. e4 Bg6 13. e5 Nd5 14. Ne4 Rad8 15.
Bg5 c5 16. Rc1 Bxe4 17. Bxe7 Nxe7 18. Bxe4 f5 19. Bf3 b5 20. Nd6 Qb6 21. dxc5
Nxc5 22. Qd4 Nd7 23. Qxb6 Nxb6 24. Rc7 Ned5 25. Rc6 Rb8 26. Bxd5 Nxd5 27. Rxa6
Nb4 28. Ra5 Nd3 29. Re2 b4 30. b3 Ra8 31. Rb5 Rfb8 32. Rxb8+ Rxb8 33. Nc4 Ra8
34. Rc2 g5 35. Kf1 Rc8 36. Rd2 Nc5 37. Nb6 Rc7 38. Rc2 Rb7 39. Rxc5 Rxb6 40.
Ra5 Kf7 41. Ke2 Kg6 42. Kd3 f4 43. Ke4 Rc6 44. Kd3 Kf5 45. Ra4 Rb6 46. Kd4 Rb7
47. a3 bxa3 48. Rxa3 Rd7+ 49. Kc3 Kxe5 50. b4 Rc7+ 51. Kd3 Rd7+ 52. Kc3 Rc7+
53. Kd3 Rd7+ 54. Ke2 Rb7 55. Rb3 Kd4 56. Kf3 e5 57. Rb1 e4+ 58. Kg4 h6 59. g3
Ke5 60. b5 Rb6 61. h4 fxg3 62. Kxg3 gxh4+ 63. Kxh4 Kf4 64. Rb3 Kf5 65. Kh5 Kf4
66. Kh4 Kf5 67. Kg3 Kg5 68. Kg2 Kf4 69. Kf1 h5 70. Kg2 Kg4 71. Rb4 Kf5 72. Kh3
Kf4 73. Kg2 Kf5 74. Kg3 Ke5 75. Kh4 Kf4 76. Kxh5 Kf3 77. Rb2 e3 78. fxe3 Kxe3
79. Rb4 Kd3 80. Kg5 Kc3 1/2-1/2

[Event "SR 2. liga A 2009/2010"]
[Site "?"]
[Date "2010.02.07"]
[Round "9.1"]
[White "Kozinka, Roman"]
[Black "Banas, Kamil"]
[Result "0-1"]
[WhiteElo "2044"]
[BlackElo "2225"]
[PlyCount "68"]
[EventDate "2009.??.??"]
[WhiteTeam "Slovakia"]
[BlackTeam "II"]
[WhiteTeamCountry "SVK"]
[BlackTeamCountry "SVK"]

1. e4 c5 2. Nf3 d6 3. d4 cxd4 4. Nxd4 Nf6 5. Nc3 a6 6. Be2 e6 7. O-O Be7 8. f4
Qc7 9. a4 Nc6 10. Be3 O-O 11. Kh1 Nxd4 12. Bxd4 e5 13. Be3 exf4 14. Rxf4 Be6
15. a5 Nd7 16. Nd5 Bxd5 17. exd5 Ne5 18. Rb4 f5 19. c3 Rf7 20. Qb3 Bf6 21. Rf1
g6 22. Bb6 Qe7 23. Qd1 Re8 24. Bg1 Qd8 25. Qa4 Kg7 26. Rb6 Nd7 27. Rxb7 Rxe2
28. Qc4 Qe8 29. Qxa6 Qe4 30. Bf2 Nc5 31. Rxf7+ Kxf7 32. Qa7+ Be7 33. Kg1 Rxb2
34. Re1 Rb1 0-1

[Event "SR 2. liga A 2009/2010"]
[Site "?"]
[Date "2010.02.07"]
[Round "9.1"]
[White "Meszaros, Michal"]
[Black "Rachela, Milan"]
[Result "1-0"]
[WhiteElo "2416"]
[BlackElo "2346"]
[PlyCount "57"]
[EventDate "2009.??.??"]
[WhiteTeam "Slovakia"]
[BlackTeam "II"]
[WhiteTeamCountry "SVK"]
[BlackTeamCountry "SVK"]

1. e4 e5 2. Nf3 Nc6 3. Bb5 a6 4. Ba4 Nf6 5. O-O Be7 6. d3 b5 7. Bb3 d6 8. a4
Bg4 9. c3 Na5 10. Bc2 c5 11. Nbd2 O-O 12. Re1 Nd7 13. h3 Be6 14. d4 exd4 15.
cxd4 Nb6 16. axb5 axb5 17. Nf1 Nac4 18. Rxa8 Qxa8 19. Qd3 Rd8 20. b3 Na5 21. d5
Bd7 22. Bb2 f6 23. e5 f5 24. e6 Be8 25. Ne3 c4 26. Qxf5 g6 27. Qe4 b4 28. bxc4
b3 29. Qd4 1-0

[Event "SR 2. liga A 2009/2010"]
[Site "?"]
[Date "2010.02.07"]
[Round "9.1"]
[White "Pacher, Milan"]
[Black "Kundrik, Peter"]
[Result "1-0"]
[WhiteElo "2366"]
[BlackElo "2229"]
[PlyCount "65"]
[EventDate "2009.??.??"]
[WhiteTeam "Slovakia"]
[BlackTeam "II"]
[WhiteTeamCountry "SVK"]
[BlackTeamCountry "SVK"]

1. e4 c5 2. Nf3 Nc6 3. d4 cxd4 4. Nxd4 Nf6 5. Nc3 e5 6. Ndb5 d6 7. Bg5 a6 8.
Na3 b5 9. Bxf6 gxf6 10. Nd5 f5 11. Bxb5 axb5 12. Nxb5 Ra4 13. b4 Rxb4 14. Nbc7+
Kd7 15. O-O Qg5 16. Nxb4 Nxb4 17. Nd5 Rg8 18. g3 Nxd5 19. Qxd5 Ke7 20. a4 f4
21. a5 Qg4 22. a6 Qh3 23. Qd3 Bg4 24. Rfb1 Qh5 25. a7 Be2 26. Rb7+ Kf6 27. Qb3
Bh6 28. a8=Q Rxa8 29. Rxa8 Bg4 30. Ra6 Be6 31. Rxd6 Bf8 32. Rxe6+ fxe6 33. Qd3
1-0

[Event "SR 2. liga A 2009/2010"]
[Site "?"]
[Date "2010.02.07"]
[Round "9.1"]
[White "Tibensky, Robert"]
[Black "Bezuch, Martin"]
[Result "1-0"]
[WhiteElo "2401"]
[BlackElo "2203"]
[PlyCount "59"]
[EventDate "2009.??.??"]
[WhiteTeam "Slovakia"]
[BlackTeam "II"]
[WhiteTeamCountry "SVK"]
[BlackTeamCountry "SVK"]

1. d4 Nf6 2. c4 g6 3. Nf3 Bg7 4. g3 O-O 5. Bg2 d6 6. O-O Nbd7 7. Nc3 e5 8. e4
exd4 9. Nxd4 a6 10. h3 Re8 11. Re1 Rb8 12. Rb1 Ne5 13. b3 Nfd7 14. f4 c5 15.
Nde2 Nc6 16. Qxd6 Nd4 17. e5 b5 18. Nxd4 cxd4 19. Qxd4 f6 20. Ne4 Kh8 21. Nd6
Re7 22. e6 f5 23. Qf2 Nf8 24. Nf7+ Rxf7 25. exf7 bxc4 26. Re8 Qd3 27. Kh2 h5
28. Ba3 Qxb1 29. Bxf8 Bxf8 30. Qd4+ 1-0

[Event "SR 2. liga A 2009/2010"]
[Site "?"]
[Date "2010.02.07"]
[Round "9.2"]
[White "Federic, Jozef"]
[Black "Lopatievov, Alexander"]
[Result "1-0"]
[WhiteElo "2262"]
[BlackElo "2041"]
[PlyCount "57"]
[EventDate "2009.??.??"]
[WhiteTeam "Slovakia"]
[BlackTeam "II"]
[WhiteTeamCountry "SVK"]
[BlackTeamCountry "SVK"]

1. d4 Nf6 2. c4 e6 3. g3 c5 4. d5 exd5 5. cxd5 d6 6. Nc3 Nbd7 7. Bg2 a6 8. a4
g6 9. Nf3 Bg7 10. O-O O-O 11. Nd2 Rb8 12. Nc4 Nb6 13. Nxd6 Nfxd5 14. Nxd5 Qxd6
15. Bf4 Be5 16. Bxe5 Qxe5 17. Nxb6 Be6 18. Qc2 Rfd8 19. Rfd1 Rd4 20. Rxd4 Qxd4
21. Rd1 Qb4 22. Nd5 Qa5 23. Qc3 Qxc3 24. Nxc3 b5 25. axb5 axb5 26. Ne4 c4 27.
Nc5 Rb6 28. Nxe6 Rxe6 29. e3 1-0